[Event "ENCI Limburg-open A"]
[Site "Maastricht"]
[Date "2008.05.12"]
[Round "6"]
[White "Obels, Jiri"]
[Black "Swijsen, Lars"]
[Result "1-0"]
[WhiteElo "2024"]
[BlackElo "1875"]
[PlyCount "105"]
[EventDate "2008.05.09"]
[EventType "swiss"]
[EventRounds "7"]
[EventCountry "NED"]
[Source "P.Boonen"]
[SourceDate "2010.01.01"]

1. e4 d5 2. d4 dxe4 3. Nc3 Nf6 4. f3 exf3 5. Nxf3 e6 6. Bc4 Be7 7. Bg5 Nd5 8.
Bxe7 Qxe7 9. Qd2 Nxc3 10. Qxc3 Nc6 11. O-O Qb4 12. Qd3 Na5 13. Bb3 Nxb3 14.
axb3 h6 15. Ne5 O-O 16. Rf4 f5 17. Raf1 g5 18. Qg3 Kh7 19. c3 Qe7 20. R4f2 h5
21. Qf3 Kh6 22. Qh3 Bd7 23. Nxd7 Qxd7 24. Qe3 Rf6 25. Qe5 Qg7 26. Re1 Rg6 27.
Qb5 c6 28. Qc4 Qd7 29. Re5 Re8 30. Rfe2 Rf6 31. Qd3 Kg6 32. Qe3 Rff8 33. Qd3
Rf6 34. b4 Rd8 35. Qe3 Re8 36. b5 Qd6 37. h3 Rh8 38. bxc6 Qxc6 39. Qd3 Rhf8 40.
Qb1 Rd8 41. Qa2 a6 42. Rxe6 Qd5 43. Rxf6+ Kxf6 44. Qa3 Rd6 45. Re5 Qc6 46. c4
b6 47. Qc3 Re6 48. d5 Qc5+ 49. Re3+ Kg6 50. dxe6 f4 51. e7 Qxe3+ 52. Qxe3 fxe3
53. e8=Q+ 1-0

[Event "ENCI Limburg-open A"]
[Site "Maastricht"]
[Date "2008.05.12"]
[Round "6"]
[White "Oosterman, Maarten Jan"]
[Black "Smits, Benjamin"]
[Result "1-0"]
[WhiteElo "2013"]
[BlackElo "1798"]
[PlyCount "65"]
[EventDate "2008.05.09"]
[EventType "swiss"]
[EventRounds "7"]
[EventCountry "NED"]
[Source "P.Boonen"]
[SourceDate "2010.01.01"]

1. e4 c5 2. c3 d5 3. exd5 Qxd5 4. d4 g6 5. dxc5 Qxc5 6. Be3 Qa5 7. Bc4 Nc6 8.
Qb3 e6 9. Na3 Nge7 10. Nb5 Nf5 11. Bf4 Nfd4 12. Nxd4 Nxd4 13. Qd1 Nc6 14. Nf3
Bg7 15. O-O O-O 16. Qe2 e5 17. Be3 Bf5 18. Rad1 Rac8 19. b4 Qc7 20. Bc5 Ne7 21.
Bb3 b6 22. Bd6 Qxc3 23. Bxe7 Rfe8 24. Bd6 h6 25. Qd2 Qc6 26. Rc1 Qd7 27. Rxc8
Rxc8 28. Rd1 Bg4 29. Qe3 e4 30. Qxe4 Rc3 31. Qe7 Qc8 32. Qxf7+ Kh7 33. Be5 1-0

[Event "ENCI Limburg-open A"]
[Site "Maastricht"]
[Date "2008.05.12"]
[Round "6"]
[White "Ouwersloot, Hans"]
[Black "Blijlevens, Pim"]
[Result "1-0"]
[WhiteElo "2038"]
[BlackElo "1899"]
[PlyCount "35"]
[EventDate "2008.05.09"]
[EventType "swiss"]
[EventRounds "7"]
[EventCountry "NED"]
[Source "P.Boonen"]
[SourceDate "2010.01.01"]

1. e4 c5 2. Nf3 Nc6 3. Bb5 Qc7 4. O-O d6 5. h3 e5 6. c3 f5 7. exf5 Bxf5 8. d4
cxd4 9. cxd4 O-O-O 10. Nc3 e4 11. Nh4 g6 12. Bf4 Qe7 13. Nxf5 gxf5 14. Qa4 Bh6
15. Nd5 Qf7 16. Bxc6 bxc6 17. Qxc6+ Kb8 18. Bxd6+ 1-0

[Event "ENCI Limburg-open A"]
[Site "Maastricht"]
[Date "2008.05.12"]
[Round "6"]
[White "Peek, Maurice"]
[Black "Coenen, Eduard"]
[Result "1-0"]
[WhiteElo "2405"]
[BlackElo "2161"]
[PlyCount "36"]
[EventDate "2008.05.09"]
[EventType "swiss"]
[EventRounds "7"]
[EventCountry "NED"]
[Source "P.Boonen"]
[SourceDate "2010.01.01"]

1. d4 d5 2. c4 c6 3. cxd5 cxd5 4. Bf4 Qb6 5. Nc3 e6 6. Rc1 Bd7 7. e3 Qxb2 8.
Bd3 Bb4 9. Nge2 Na6 10. O-O Bxc3 11. Nxc3 Nb4 12. Nb5 Nf6 13. Rb1 Nxd3 14. Rxb2
Nxb2 15. Qb3 Ne4 16. Nc7+ Kd8 17. Nxa8 Bc6 18. Nc7 a6 1-0

[Event "ENCI Limburg-open A"]
[Site "Maastricht"]
[Date "2008.05.12"]
[Round "6"]
[White "Pel, Bonno"]
[Black "Van den Berg, Bram"]
[Result "1-0"]
[WhiteElo "2288"]
[BlackElo "2200"]
[PlyCount "47"]
[EventDate "2008.05.09"]
[EventType "swiss"]
[EventRounds "7"]
[EventCountry "NED"]
[Source "P.Boonen"]
[SourceDate "2010.01.01"]

1. g3 h5 2. Nf3 d6 3. Bg2 e5 4. d4 e4 5. Ng5 d5 6. c4 c6 7. h4 Na6 8. Nc3 Nf6
9. O-O Bd6 10. Qb3 Nc7 11. cxd5 cxd5 12. Ncxe4 Nxe4 13. Bxe4 Be7 14. Bg2 f6 15.
Nh3 g5 16. hxg5 fxg5 17. Qc2 Bxh3 18. Bxh3 Qd6 19. e4 Qc6 20. Qxc6+ bxc6 21.
Re1 Kf7 22. exd5 cxd5 23. Bd2 Rh6 24. Rxe7+ 1-0

[Event "ENCI Limburg-open A"]
[Site "Maastricht"]
[Date "2008.05.12"]
[Round "6"]
[White "Pevar, Andrew"]
[Black "Breest, Axel"]
[Result "1-0"]
[WhiteElo "1831"]
[BlackElo "1860"]
[PlyCount "55"]
[EventDate "2008.05.09"]
[EventType "swiss"]
[EventRounds "7"]
[EventCountry "NED"]
[Source "P.Boonen"]
[SourceDate "2010.01.01"]

1. e4 e5 2. Nf3 Nc6 3. Bb5 Nd4 4. Ba4 b5 5. Nxd4 bxa4 6. Nf3 Ba6 7. d3 Bc5 8.
Nxe5 Qe7 9. Nf3 d5 10. O-O O-O-O 11. exd5 Rxd5 12. Nc3 Nf6 13. Nxd5 Nxd5 14.
Re1 Qf6 15. Re5 Qd6 16. Qe2 Bb7 17. Re8+ Rxe8 18. Qxe8+ Qd8 19. Qxd8+ Kxd8 20.
a3 f6 21. Bd2 Kd7 22. Re1 Bc6 23. h4 h5 24. c4 Nb6 25. Be3 Be7 26. Nd4 a6 27.
Nxc6 Kxc6 28. Bxb6 1-0

[Event "ENCI Limburg-open A"]
[Site "Maastricht"]
[Date "2008.05.12"]
[Round "6"]
[White "Rademakers, Evert"]
[Black "Hoffmann, Udo"]
[Result "1-0"]
[WhiteElo "2092"]
[BlackElo "2220"]
[PlyCount "87"]
[EventDate "2008.05.09"]
[EventType "swiss"]
[EventRounds "7"]
[EventCountry "NED"]
[Source "P.Boonen"]
[SourceDate "2010.01.01"]

1. d4 d5 2. Nf3 Nc6 3. c4 Bg4 4. cxd5 Bxf3 5. gxf3 Qxd5 6. e3 e5 7. Nc3 Bb4 8.
Bd2 Bxc3 9. bxc3 Qd6 10. Rb1 O-O-O 11. Qb3 b6 12. Qxf7 Nf6 13. Bh3+ Kb8 14. O-O
Rde8 15. Kh1 Re7 16. Qc4 Ne8 17. Bg2 Nf6 18. Bc1 Nd8 19. Qa6 Qe6 20. Ba3 Rf7
21. Rb5 Nd7 22. Rfb1 Qxa2 23. Kg1 Qe6 24. d5 Qg6 25. d6 c6 26. R5b2 h5 27. c4
c5 28. f4 e4 29. Rd2 h4 30. h3 Rh5 31. Bb2 Nc6 32. Bc3 Qe6 33. Qa4 Nb4 34. Bxb4
cxb4 35. Qc6 Nc5 36. Rxb4 Qd7 37. Bxe4 Nxe4 38. Qxe4 Ra5 39. Kg2 g5 40. Rd5
Rxd5 41. cxd5 gxf4 42. Qe6 fxe3 43. fxe3 Rg7+ 44. Rg4 1-0

[Event "ENCI Limburg-open A"]
[Site "Maastricht"]
[Date "2008.05.12"]
[Round "6"]
[White "Reinderman, Dimitri"]
[Black "Swinkels, Robin"]
[Result "0-1"]
[WhiteElo "2526"]
[BlackElo "2448"]
[PlyCount "113"]
[EventDate "2008.05.09"]
[EventType "swiss"]
[EventRounds "7"]
[EventCountry "NED"]
[Source "P.Boonen"]
[SourceDate "2010.01.01"]

1. c4 Nf6 2. Nc3 d5 3. cxd5 Nxd5 4. g3 e5 5. Bg2 Nb6 6. Nf3 Nc6 7. O-O Be7 8.
a3 O-O 9. b4 Be6 10. Bb2 Nc4 11. Bc1 a5 12. b5 Nd4 13. d3 Nb6 14. Rb1 Nd5 15.
Na4 Nxf3+ 16. Bxf3 Bd6 17. d4 Nf6 18. Bxb7 Rb8 19. Bc6 Qe7 20. dxe5 Bxe5 21.
Qc2 Rfd8 22. Nc5 Bd5 23. Bg5 Bd4 24. Bxf6 gxf6 25. Na6 Rb6 26. Bxd5 Rxd5 27. a4
Rbd6 28. Rbd1 Bb6 29. Rxd5 Rxd5 30. Rd1 Re5 31. e3 Qf8 32. Rd3 h5 33. h4 Qc8
34. Qd1 Kg7 35. Kg2 Rf5 36. f4 Qe6 37. Kf3 c6 38. e4 cxb5 39. exf5 Qc6+ 40. Rd5
bxa4 41. Nb8 Qc3+ 42. Kg2 Be3 43. Rd3 Qb2+ 44. Kh3 Bc1 45. Nc6 a3 46. Nxa5 a2
47. Nb3 Qb1 48. Qe2 Ba3 49. Kh2 Bc5 50. Qd1 Qb2+ 51. Kh3 Qb1 52. Na1 Bb4 53.
Kg2 Bc3 54. Nc2 Ba5 55. Rd7 Bb6 56. Kf3 Bc5 57. Ke2 0-1

[Event "ENCI Limburg-open A"]
[Site "Maastricht"]
[Date "2008.05.12"]
[Round "6"]
[White "Reyniers, Pieter"]
[Black "Thora, Jack"]
[Result "1-0"]
[WhiteElo "2028"]
[BlackElo "1894"]
[PlyCount "39"]
[EventDate "2008.05.09"]
[EventType "swiss"]
[EventRounds "7"]
[EventCountry "NED"]
[Source "P.Boonen"]
[SourceDate "2010.01.01"]

1. e4 Nf6 2. e5 Nd5 3. d4 d6 4. Nf3 dxe5 5. Nxe5 g6 6. Bc4 c6 7. O-O Bg7 8. Nd2
Nd7 9. Ndf3 O-O 10. h4 Nxe5 11. Nxe5 Nb6 12. Bb3 Nd7 13. Ng4 e6 14. h5 gxh5 15.
Nh6+ Kh8 16. Qxh5 Qf6 17. c3 Qg6 18. Bd1 Nf6 19. Qh4 Ng8 20. Bh5 1-0

[Event "ENCI Limburg-open A"]
[Site "Maastricht"]
[Date "2008.05.12"]
[Round "6"]
[White "Rietveld, Leo"]
[Black "Soors, Stef"]
[Result "0-1"]
[WhiteElo "2033"]
[BlackElo "2170"]
[PlyCount "46"]
[EventDate "2008.05.09"]
[EventType "swiss"]
[EventRounds "7"]
[EventCountry "NED"]
[Source "P.Boonen"]
[SourceDate "2010.01.01"]

1. d4 d5 2. e4 dxe4 3. Nc3 e5 4. Nxe4 exd4 5. Bd3 Nf6 6. Nf3 Bb4+ 7. Kf1 O-O 8.
Bg5 Be7 9. Bxf6 Bxf6 10. c3 dxc3 11. bxc3 Nc6 12. Qc2 g6 13. Nxf6+ Qxf6 14. Rb1
Rb8 15. h4 Rd8 16. Be4 Bg4 17. Rb5 Ne5 18. Nd2 Qa6 19. c4 Nxc4 20. Qxc4 Rxd2
21. Kg1 Rd1+ 22. Kh2 Qd6+ 23. g3 Rd4 0-1

[Event "ENCI Limburg-open A"]
[Site "Maastricht"]
[Date "2008.05.12"]
[Round "6"]
[White "Ringoir, Tanguy"]
[Black "Van der Velden, Bram"]
[Result "1-0"]
[WhiteElo "2252"]
[BlackElo "2196"]
[PlyCount "103"]
[EventDate "2008.05.09"]
[EventType "swiss"]
[EventRounds "7"]
[EventCountry "NED"]
[Source "P.Boonen"]
[SourceDate "2010.01.01"]

1. e4 c5 2. Nc3 Nc6 3. f4 g6 4. Nf3 Bg7 5. Bb5 Nd4 6. O-O e6 7. e5 a6 8. Bd3
Nxf3+ 9. Qxf3 d5 10. exd6 Qxd6 11. b3 Nf6 12. Bb2 O-O 13. Na4 Nd5 14. Bxg7 Kxg7
15. Be4 Nf6 16. Qc3 Qd4+ 17. Qxd4 cxd4 18. Nb6 Rb8 19. Rfe1 Nd7 20. Nc4 Rd8 21.
b4 Nf6 22. Na5 Nxe4 23. Rxe4 b6 24. Nb3 d3 25. c3 Bb7 26. Re3 Bd5 27. Rxd3 Bxb3
28. Rxd8 Rxd8 29. axb3 Rxd2 30. Rxa6 b5 31. c4 Rb2 32. Rb6 Rb1+ 33. Kf2 Rb2+
34. Kf1 Rb1+ 35. Ke2 Rb2+ 36. Kd1 Rxg2 37. Rxb5 Rxh2 38. c5 Kf8 39. c6 Ke7 40.
Rb7+ Kd6 41. b5 Rh1+ 42. Kd2 Rh2+ 43. Kc3 Rh1 44. Rxf7 h5 45. Kb4 Rc1 46. Ka5
h4 47. b6 Rc5+ 48. Ka6 Rxc6 49. Ka7 Rc3 50. b7 Rxb3 51. b8=Q+ Rxb8 52. Kxb8 1-0

[Event "ENCI Limburg-open A"]
[Site "Maastricht"]
[Date "2008.05.12"]
[Round "6"]
[White "Roggeveen, Pieter"]
[Black "Ypma, Peter"]
[Result "1-0"]
[WhiteElo "2099"]
[BlackElo "1992"]
[PlyCount "83"]
[EventDate "2008.05.09"]
[EventType "swiss"]
[EventRounds "7"]
[EventCountry "NED"]
[Source "P.Boonen"]
[SourceDate "2010.01.01"]

1. Nf3 d5 2. d4 Nf6 3. c4 c6 4. Nc3 e6 5. e3 Bd6 6. Bd3 Nbd7 7. O-O O-O 8. Qc2
dxc4 9. Bxc4 e5 10. a3 exd4 11. exd4 Nb6 12. Ba2 Nbd5 13. Bg5 Qc7 14. Rac1 Nxc3
15. bxc3 Ne8 16. Rce1 Bg4 17. Ne5 Bxe5 18. Rxe5 Nd6 19. Bf4 Rfe8 20. h3 Be6 21.
Bxe6 Rxe6 22. Rxe6 fxe6 23. Qb3 Qd7 24. Bxd6 Qxd6 25. Qxb7 Rb8 26. Qxa7 Rb3 27.
a4 Rxc3 28. a5 Rd3 29. Qa8+ Kf7 30. Qb7+ Kf6 31. a6 Qxd4 32. Qxc6 Ra3 33. Re1
Qd5 34. Qb6 Ra2 35. Re3 g5 36. Rf3+ Ke5 37. Re3+ Kf6 38. Qc7 e5 39. Rf3+ Ke6
40. Qc8+ Ke7 41. Qf8+ Kd7 42. a7 1-0

[Event "ENCI Limburg-open A"]
[Site "Maastricht"]
[Date "2008.05.12"]
[Round "6"]
[White "Rose, Dominik"]
[Black "Burg, Twan"]
[Result "0-1"]
[WhiteElo "2163"]
[BlackElo "2342"]
[PlyCount "87"]
[EventDate "2008.05.09"]
[EventType "swiss"]
[EventRounds "7"]
[EventCountry "NED"]
[Source "P.Boonen"]
[SourceDate "2010.01.01"]

1. d4 Nf6 2. c4 e5 3. dxe5 Ng4 4. Bf4 Nc6 5. Nf3 Bb4+ 6. Nc3 Qe7 7. e3 Bxc3+ 8.
bxc3 Ngxe5 9. Nd4 d6 10. Be2 O-O 11. h4 Na5 12. g4 Naxc4 13. Nf5 Bxf5 14. gxf5
Qf6 15. Qc2 d5 16. Bg5 Qb6 17. f6 Na3 18. Qf5 Qe6 19. Qxe6 fxe6 20. fxg7 Kxg7
21. Kf1 Nac4 22. Rd1 Kh8 23. Bf4 Ng6 24. Bh6 Rf7 25. Bg4 Re8 26. Ke2 Nd6 27.
Rh2 Ne4 28. Rc1 Nf6 29. h5 Ne5 30. Bh3 Nfg4 31. Bxg4 Nxg4 32. Bf4 Nxh2 33. Be5+
Kg8 34. Rg1+ Kf8 35. Bxh2 Rg7 36. Rb1 b6 37. Be5 Rg5 38. Bxc7 Rxh5 39. Bd6+ Kf7
40. Rb4 e5 41. f4 e4 42. Ra4 a5 43. Bc7 Rg8 44. Bxb6 0-1

[Event "ENCI Limburg-open A"]
[Site "Maastricht"]
[Date "2008.05.12"]
[Round "6"]
[White "Roufs, Gerard"]
[Black "Van Mechelen, Jan"]
[Result "0-1"]
[WhiteElo "1879"]
[BlackElo "2304"]
[PlyCount "92"]
[EventDate "2008.05.09"]
[EventType "swiss"]
[EventRounds "7"]
[EventCountry "NED"]
[Source "P.Boonen"]
[SourceDate "2010.01.01"]

1. e4 c5 2. c3 d5 3. exd5 Qxd5 4. d4 e6 5. Nf3 Nf6 6. Bd3 Nc6 7. O-O Be7 8. Be3
cxd4 9. cxd4 O-O 10. Nc3 Qd6 11. a3 b6 12. Rc1 Bb7 13. Bb1 Rac8 14. Qd3 g6 15.
Rfd1 Qb8 16. Ba2 Rfd8 17. Qe2 Re8 18. Bg5 Ng4 19. Bxe7 Rxe7 20. g3 Qa8 21. Ng5
Nf6 22. Qf3 Kg7 23. Nge4 Nxe4 24. Nxe4 f5 25. Qc3 Ne5 26. Qb4 Nf3+ 27. Kg2 Rce8
28. Kxf3 Bxe4+ 29. Ke3 Bg2 30. Rc2 Qf3+ 31. Kd2 Qxf2+ 32. Kc1 Qe3+ 33. Qd2
Qxd2+ 34. Rcxd2 Be4 35. b3 Rc7+ 36. Kb2 Rec8 37. Bb1 Bd5 38. Rc2 Rxc2+ 39. Bxc2
Kf6 40. Rf1 g5 41. b4 h5 42. Bb3 Bxb3 43. Kxb3 g4 44. Re1 h4 45. Re5 hxg3 46.
hxg3 Rh8 0-1

[Event "ENCI Limburg-open A"]
[Site "Maastricht"]
[Date "2008.05.12"]
[Round "6"]
[White "Sadallah, Osama"]
[Black "Klein, Gernot"]
[Result "1-0"]
[WhiteElo "2149"]
[BlackElo "2024"]
[PlyCount "105"]
[EventDate "2008.05.09"]
[EventType "swiss"]
[EventRounds "7"]
[EventCountry "NED"]
[Source "P.Boonen"]
[SourceDate "2010.01.01"]

1. d4 d5 2. c4 e6 3. Nf3 c6 4. cxd5 exd5 5. Nc3 Bd6 6. Bg5 Ne7 7. e3 Bf5 8. Nh4
Be6 9. Bd3 f6 10. Bf4 g5 11. Bxd6 Qxd6 12. Nf3 Bf5 13. e4 dxe4 14. Bxe4 Nd7 15.
O-O O-O-O 16. Bxf5 Nxf5 17. d5 Ne5 18. Nxe5 Qxe5 19. Re1 Qc7 20. Qg4 Qd7 21.
dxc6 bxc6 22. Rad1 h5 23. Qf3 g4 24. Qf4 Rhe8 25. Rxe8 Rxe8 26. h3 Qh7 27. Ne4
gxh3 28. Qxf5+ Qxf5 29. Nd6+ Kc7 30. Nxf5 Rg8 31. g3 Rg5 32. Nh4 f5 33. Rd4 Rg8
34. Nxf5 Rf8 35. Rf4 Rd8 36. Nd4 Kb6 37. Kh2 c5 38. Nb3 Kb5 39. Rf5 Kb4 40.
Rxc5 Rf8 41. Rc2 a5 42. Kxh3 a4 43. Nd4 a3 44. bxa3+ Kxa3 45. f4 Rd8 46. Nf3
Rd1 47. Kh4 Rh1+ 48. Rh2 Rf1 49. Ne5 Rg1 50. f5 Re1 51. Nd3 Re3 52. Nf4 Rf3 53.
f6 1-0

[Event "ENCI Limburg-open A"]
[Site "Maastricht"]
[Date "2008.05.12"]
[Round "6"]
[White "Schaeken, Yordi"]
[Black "Hoynck van Papendrecht, Frans"]
[Result "1/2-1/2"]
[WhiteElo "1916"]
[BlackElo "2104"]
[PlyCount "22"]
[EventDate "2008.05.09"]
[EventType "swiss"]
[EventRounds "7"]
[EventCountry "NED"]
[Source "P.Boonen"]
[SourceDate "2010.01.01"]

1. e4 c5 2. c3 b6 3. g3 Bb7 4. Bg2 f5 5. d3 Nf6 6. Nd2 g6 7. Ne2 Bh6 8. f4 Ng4
9. Nb3 Nf6 10. Nd2 Ng4 11. Nb3 Nf6 1/2-1/2

[Event "ENCI Limburg-open A"]
[Site "Maastricht"]
[Date "2008.05.12"]
[Round "6"]
[White "Schilperoort, Jeroen"]
[Black "Hermans, Chris"]
[Result "0-1"]
[WhiteElo "1996"]
[BlackElo "1866"]
[PlyCount "70"]
[EventDate "2008.05.09"]
[EventType "swiss"]
[EventRounds "7"]
[EventCountry "NED"]
[Source "P.Boonen"]
[SourceDate "2010.01.01"]

1. Nc3 d5 2. e3 Nf6 3. f4 g6 4. Nf3 Bg7 5. Bb5+ c6 6. Ba4 O-O 7. O-O a5 8. a3
Nbd7 9. d4 b5 10. Bb3 Ba6 11. Ne5 Qc7 12. Qe1 e6 13. Bd2 c5 14. Ne2 b4 15. dxc5
Nxe5 16. fxe5 Ne4 17. axb4 Bxe5 18. g3 axb4 19. Bxb4 Bxb2 20. Ra2 Be5 21. c6
Rfb8 22. Ba5 Qxc6 23. Rf3 Qc5 24. Nc1 Ng5 25. Rf1 Bxf1 26. Kxf1 Bg7 27. Nd3 Qb5
28. Kg2 Ne4 29. Nf4 Nc5 30. Ra3 Bf8 31. Qa1 Nd3 32. Nxd3 Bxa3 33. Qf6 Qxa5 34.
Ne5 Rb7 35. Ng4 Bf8 0-1

[Event "ENCI Limburg-open A"]
[Site "Maastricht"]
[Date "2008.05.12"]
[Round "6"]
[White "Scholzen, Wolfgang"]
[Black "Van Eijndhoven, Erik"]
[Result "1/2-1/2"]
[WhiteElo "2000"]
[BlackElo "2158"]
[PlyCount "26"]
[EventDate "2008.05.09"]
[EventType "swiss"]
[EventRounds "7"]
[EventCountry "NED"]
[Source "P.Boonen"]
[SourceDate "2010.01.01"]

1. e4 e6 2. d4 d5 3. Nc3 Nf6 4. Bg5 dxe4 5. Nxe4 Be7 6. Nxf6+ gxf6 7. Bf4 c5 8.
dxc5 Qa5+ 9. Qd2 Qxd2+ 10. Bxd2 Bxc5 11. Bc3 Be7 12. Nf3 O-O 13. Bd3 Bd7
1/2-1/2

[Event "ENCI Limburg-open A"]
[Site "Maastricht"]
[Date "2008.05.12"]
[Round "6"]
[White "Schut, Lisa"]
[Black "Wemmers, Xander"]
[Result "0-1"]
[WhiteElo "2065"]
[BlackElo "2387"]
[PlyCount "157"]
[EventDate "2008.05.09"]
[EventType "swiss"]
[EventRounds "7"]
[EventCountry "NED"]
[Source "P.Boonen"]
[SourceDate "2010.01.01"]

1. e4 e5 2. Nf3 Nc6 3. Bc4 Nf6 4. d4 exd4 5. e5 Ne4 6. Bd5 Nc5 7. Nxd4 Nxd4 8.
Qxd4 c6 9. Bf3 Ne6 10. Qd1 Qa5+ 11. Nc3 Qxe5+ 12. Be3 d5 13. Ne2 Bd6 14. c3 O-O
15. Qd2 Nc5 16. Bf4 Qe7 17. Bxd6 Qxd6 18. c4 Bf5 19. O-O Be4 20. Bxe4 Nxe4 21.
Qd3 Rad8 22. Rad1 dxc4 23. Qc2 Qg6 24. Nd4 Rd5 25. Qxc4 Rfd8 26. f3 Ng5 27.
Rde1 Nh3+ 28. Kh1 Nf4 29. g3 Qd3 30. Qc1 Rxd4 31. gxf4 Qd2 32. Qc5 Qxf4 33.
Qxa7 Rd2 34. Rf2 Rd1 35. Ref1 b5 36. a3 h6 37. Qc5 Rxf1+ 38. Rxf1 Rd2 39. Rf2
Rd1+ 40. Kg2 Qf6 41. Qh5 Rd5 42. Qh3 Qg6+ 43. Kh1 Kh7 44. Rf1 Rd2 45. Rg1 Qf6
46. Rg2 Rd3 47. Rf2 g6 48. Qg4 h5 49. Qg3 c5 50. Kg2 Rb3 51. Qc7 c4 52. h4 Rxb2
53. Rxb2 Qxb2+ 54. Kg3 Kg7 55. Qc5 Qf6 56. Qxb5 c3 57. Qc5 Kh6 58. f4 Qe6 59.
Qxc3 Qg4+ 60. Kf2 Qxf4+ 61. Kg2 Qg4+ 62. Kf1 Kh7 63. Qf6 Kg8 64. Qe7 Qf3+ 65.
Kg1 Qa8 66. Kf2 Qf8 67. Qe3 Qd6 68. Kg2 Kf8 69. Qh6+ Ke8 70. Qe3+ Kd8 71. Qg5+
Kd7 72. a4 Qc6+ 73. Kh3 Qh1+ 74. Kg3 Qg1+ 75. Kf4 Qc1+ 76. Ke5 Qxg5+ 77. hxg5
Kc6 78. Kf6 h4 79. Kxf7 0-1

[Event "ENCI Limburg-open A"]
[Site "Maastricht"]
[Date "2008.05.12"]
[Round "6"]
[White "Severens, Lars"]
[Black "Memarian, Milad"]
[Result "1/2-1/2"]
[WhiteElo "2169"]
[BlackElo "1939"]
[PlyCount "79"]
[EventDate "2008.05.09"]
[EventType "swiss"]
[EventRounds "7"]
[EventCountry "NED"]
[Source "P.Boonen"]
[SourceDate "2010.01.01"]

1. d4 Nf6 2. c4 c5 3. d5 b5 4. cxb5 a6 5. b6 Qxb6 6. Nc3 d6 7. e4 g6 8. Nf3
Nbd7 9. Be2 Bg7 10. Nd2 O-O 11. O-O Bb7 12. a4 a5 13. Ra3 Rfb8 14. Nc4 Qd8 15.
Re1 Ne8 16. Nb5 Nb6 17. Ne3 Nc7 18. Nc3 Ba6 19. f4 Bxe2 20. Qxe2 Na6 21. Nb5
Qd7 22. e5 Nxa4 23. Rxa4 Qxb5 24. Qxb5 Rxb5 25. exd6 exd6 26. Nc4 Bd4+ 27. Kf1
Rb4 28. b3 Rxa4 29. bxa4 Nb4 30. Nxd6 Nxd5 31. Nb5 Bf6 32. f5 Nb6 33. fxg6 hxg6
34. Re4 Rd8 35. Ke2 Nd5 36. Bd2 Nb4 37. Be3 Nd3 38. Bd2 Nb4 39. Be3 Nd3 40. Bd2
1/2-1/2

[Event "ENCI Limburg-open A"]
[Site "Maastricht"]
[Date "2008.05.12"]
[Round "6"]
[White "Simenon, Jozef"]
[Black "Schleipfenbauer, Frank"]
[Result "1-0"]
[WhiteElo "2182"]
[BlackElo "2002"]
[PlyCount "70"]
[EventDate "2008.05.09"]
[EventType "swiss"]
[EventRounds "7"]
[EventCountry "NED"]
[Source "P.Boonen"]
[SourceDate "2010.01.01"]

1. c4 Nf6 2. g3 g6 3. Bg2 Bg7 4. Nc3 e5 5. d3 d6 6. e4 c6 7. Nge2 Na6 8. O-O
O-O 9. h3 d5 10. exd5 cxd5 11. Nxd5 Nxd5 12. cxd5 Qb6 13. Rb1 Nc7 14. b4 Rd8
15. Qb3 Qd6 16. Nc3 Kh8 17. b5 Bf8 18. Bg5 Rd7 19. Rfe1 Rb8 20. Be3 b6 21. d4
Bg7 22. Rbd1 Bb7 23. dxe5 Bxe5 24. Bd4 Bxd4 25. Rxd4 Rbd8 26. Red1 Qe5 27. Qc4
Ne8 28. Qd3 Nd6 29. f4 Qg7 30. g4 Rc7 31. Ne4 h5 32. f5 gxf5 33. Nxd6 Rxd6 34.
Qxf5 Qg6 35. Qe5+ Kh7 1-0

[Event "ENCI Limburg-open A"]
[Site "Maastricht"]
[Date "2008.05.12"]
[Round "6"]
[White "Smith, Thijmen"]
[Black "Koehnke, Torben"]
[Result "1-0"]
[WhiteElo "1934"]
[BlackElo "2073"]
[PlyCount "99"]
[EventDate "2008.05.09"]
[EventType "swiss"]
[EventRounds "7"]
[EventCountry "NED"]
[Source "P.Boonen"]
[SourceDate "2010.01.01"]

1. e4 c5 2. Nf3 e6 3. d4 cxd4 4. Nxd4 a6 5. Be3 Nf6 6. Bd3 Qc7 7. O-O Be7 8. f4
d6 9. Nd2 O-O 10. c3 b6 11. g4 Bb7 12. g5 Nfd7 13. f5 Ne5 14. fxe6 Nxd3 15.
exf7+ Rxf7 16. Rxf7 Kxf7 17. Qf1+ Kg8 18. Qxd3 Nd7 19. Nf5 Bf8 20. Bf4 Ne5 21.
Qc2 Re8 22. Ne3 Ng6 23. Bg3 Qc5 24. Re1 Qxg5 25. Qb3+ Kh8 26. Qxb6 Ba8 27. Qd4
Nh4 28. Ng2 Nxg2 29. Kxg2 h5 30. h4 Qg4 31. Qf2 Be7 32. Qf3 Qg6 33. Kh2 Rf8 34.
Qe2 d5 35. e5 Bc5 36. Nf3 d4 37. Nxd4 Qf7 38. e6 Qb7 39. Qxh5+ Kg8 40. Qe2 Bxd4
41. cxd4 Re8 42. Rg1 g6 43. Bf4 Kh7 44. h5 Qd5 45. hxg6+ Kg8 46. Be5 Qxe6 47.
Qh5 Kf8 48. Qh8+ Ke7 49. Qg7+ Kd8 50. Qc7# 1-0

[Event "ENCI Limburg-open A"]
[Site "Maastricht"]
[Date "2008.05.12"]
[Round "6"]
[White "Snoeck, Rene"]
[Black "De Ridder, Dieter"]
[Result "0-1"]
[WhiteElo "1942"]
[BlackElo "1778"]
[PlyCount "33"]
[EventDate "2008.05.09"]
[EventType "swiss"]
[EventRounds "7"]
[EventCountry "NED"]
[Source "P.Boonen"]
[SourceDate "2010.01.01"]

1. d4 Nf6 2. c4 e6 3. g3 d5 4. Bg2 Bb4+ 5. Bd2 Be7 6. Nf3 O-O 7. cxd5 exd5 8.
O-O c6 9. Nc3 Bf5 10. Nh4 Be6 11. Rb1 Nbd7 12. b4 Nb6 13. b5 Nc4 14. Nf3 Bf5
15. Ra1 Ne4 16. bxc6 Ncxd2 17. Nh4 0-1

[Event "ENCI Limburg-open A"]
[Site "Maastricht"]
[Date "2008.05.12"]
[Round "6"]
[White "Springelkamp, Henriet"]
[Black "Surewaard, Wilbert"]
[Result "1/2-1/2"]
[WhiteElo "1980"]
[BlackElo "2213"]
[PlyCount "47"]
[EventDate "2008.05.09"]
[EventType "swiss"]
[EventRounds "7"]
[EventCountry "NED"]
[Source "P.Boonen"]
[SourceDate "2010.01.01"]

1. e4 c5 2. Nc3 Nc6 3. g3 g6 4. Bg2 Bg7 5. d3 Nf6 6. Be3 d6 7. h3 O-O 8. Nge2
Rb8 9. Qd2 Re8 10. f4 Qc7 11. O-O b5 12. Nd1 Nd7 13. c3 a5 14. Rb1 Nb6 15. Nf2
Be6 16. b3 a4 17. d4 cxd4 18. cxd4 axb3 19. axb3 d5 20. Nc3 Qd7 21. e5 b4 22.
Na2 Nc8 23. g4 N8a7 24. Nd3 1/2-1/2

[Event "ENCI Limburg-open A"]
[Site "Maastricht"]
[Date "2008.05.12"]
[Round "6"]
[White "Staudte, Rainer"]
[Black "Maassen van den Brink, Koen"]
[Result "1-0"]
[WhiteElo "1990"]
[BlackElo "1818"]
[PlyCount "71"]
[EventDate "2008.05.09"]
[EventType "swiss"]
[EventRounds "7"]
[EventCountry "NED"]
[Source "P.Boonen"]
[SourceDate "2010.01.01"]

1. d4 Nf6 2. c4 c5 3. d5 b5 4. cxb5 a6 5. Nc3 axb5 6. e4 b4 7. Nb5 d6 8. Bf4
Na6 9. Bc4 g5 10. Bxg5 Nxe4 11. Bf4 Qa5 12. f3 b3+ 13. Kf1 Nf6 14. axb3 Qb6 15.
Ne2 Bg7 16. Nec3 O-O 17. Kf2 Bb7 18. Qd2 Nb4 19. Na3 Nh5 20. Bh6 Bd4+ 21. Ke2
Ng7 22. Rhe1 e6 23. Rad1 exd5 24. Bxg7 Rfe8+ 25. Kf1 Bxg7 26. Nxd5 Nxd5 27.
Bxd5 Bxd5 28. Qxd5 Bxb2 29. Re4 Bxa3 30. Qg5+ Kh8 31. Qf6+ Kg8 32. Rg4+ Kf8 33.
Qg7+ Ke7 34. Re4+ Kd8 35. Qf6+ Kc7 36. Qxf7+ 1-0